Reflections on the failure of socialism
Đã lưu trong:
| 主要作者: | |
|---|---|
| 格式: | 图书 |
| 语言: | Undetermined |
| 出版: |
New York
Grosset & Dunlap
1955
|
| 主题: | |
| 标签: |
添加标签
没有标签, 成为第一个标记此记录!
|
| Thư viện lưu trữ: | Trung tâm Học liệu Trường Đại học Cần Thơ |
|---|
| LEADER | 00472nam a2200181Ia 4500 | ||
|---|---|---|---|
| 001 | CTU_80634 | ||
| 008 | 210402s9999 xx 000 0 und d | ||
| 082 | |a 335 | ||
| 082 | |b E13 | ||
| 100 | |a Eastman, Max | ||
| 245 | 0 | |a Reflections on the failure of socialism | |
| 245 | 0 | |c Max Eastman | |
| 260 | |a New York | ||
| 260 | |b Grosset & Dunlap | ||
| 260 | |c 1955 | ||
| 650 | |a Communism | ||
| 904 | |i Trọng Hải | ||
| 980 | |a Trung tâm Học liệu Trường Đại học Cần Thơ | ||